| 000 | 00894nam a22002297a 4500 | ||
|---|---|---|---|
| 999 |
_c11456 _d11456 |
||
| 008 | 181205b ||||| |||| 00| 0 eng d | ||
| 020 | _a9781598576542(pbk) | ||
| 020 | _a9781598578164(print) | ||
| 020 | _a9781598578133(epub) | ||
| 082 |
_22017 _aDC 371.9 _bEd83 |
||
| 245 |
_aEducating students with severe and multiple disabilities : _bA collaborative approach / _cedited by Fred P. Orelove, Dick Sobsey and Gilles, Donna L. |
||
| 250 | _aFifth Edition | ||
| 260 |
_aBaltimore : _bPaul H. Brooks Publishing Co., _c©2017. |
||
| 300 |
_axxi, 524 pages : _billustrations ; _c25 cm. |
||
| 500 | _aIncludes bibliographical references and index. | ||
| 650 |
_aChildren with disabilities _xEducation. _932846 |
||
| 650 |
_aChildren with disabilities _xCare _9295 |
||
| 700 |
_aOrelove, Fred P. _932847 |
||
| 700 |
_aSobsey, Dick _932848 |
||
| 700 |
_aGilles, Donna L. _932849 |
||
| 942 |
_2ddc _cDC |
||